Sports Quiz

Random Sports Quiz

Pittsburgh Penguins Goaltender Wins Quiz Stats

 Plays Quiz not verified by Sporcle

Challenge
Share
Tweet
Embed
Score 0/49 Timer 07:00
0 Plays Today
Wins Player % Correct
329Marc-Andre Fleury
97.6%
226Tom Barrasso
97.6%
29Brent Johnson
78.6%
3Bob Johnson
78.6%
104Ken Wregget
76.2%
14Jeff Zatkoff
65.7%
44Jim Rutherford
61.9%
63Jean-Sebastien Aubin
59.5%
46Johan Hedberg
57.1%
24Sebastien Caron
57.1%
24Al Smith
52.4%
18Ty Conklin
50%
13Tomas Vokoun
50%
4Mathieu Garon
47.6%
58Les Binkley
45.2%
21Patrick Lalime
45.2%
88Denis Herron
42.9%
42Wendell Young
42.9%
34Gilles Meloche
42.9%
34Frank Pietrangelo
40.5%
8Jocelyn Thibault
40.5%
46Roberto Romano
38.1%
9Thomas Greiss
38.1%
57Greg Millen
35.7%
42Michel Dion
35.7%
Wins Player % Correct
16Dany Sabourin
35.7%
26Peter Skudra
33.3%
4Ron Tugnutt
33.3%
2John Curry
31%
23Dunc Wilson
28.6%
16Andy Brown
28.6%
17Steve Guenette
23.8%
3Andy Chiodo
23.8%
33Michel Plasse
21.4%
15Pat Riggin
21.4%
3Gary Edwards
21.4%
2Roy Edwards
21.4%
1Alain Chevrier
21.4%
3Brad Thiessen
19%
39Gary Inness
16.7%
11Rob Holland
14.3%
4Gord Laxton
14.3%
11Joe Daley
11.9%
7Nick Ricci
11.9%
7Hank Bassen
11.9%
2Brian Ford
11.9%
1Philippe DeRouville
11.9%
4Cam Newton
9.5%
3Paul Harrison
9.5%

You're not logged in!

Compare scores with friends on all Sporcle quizzes.
OR
Log In

You Might Also Like...

Show Comments

Extras

Top Quizzes Today


Score Distribution

Your Account Isn't Verified!

In order to create a playlist on Sporcle, you need to verify the email address you used during registration. Go to your Sporcle Settings to finish the process.

Report this User

Report this user for behavior that violates our Community Guidelines.

Details: